Advance defense equipment (Record no. 395457)
[ view plain ]
| 000 -LEADER | |
|---|---|
| fixed length control field | 00487 a2200193 4500 |
| 005 - DATE & TIME | |
| control field | 20260213163945.0 |
| 008 - FIXED-LENGTH DATA ELEMENTS--GENERAL INFORMATION | |
| fixed length control field | 260213b |||||||| |||| 00| 0 eng d |
| 020 ## - ISBN | |
| International Standard Book Number | 9789394384460 |
| Price | Rs. 1699.00 |
| 040 ## - CATALOGING SOURCE | |
| Original cataloging agency | VIVEKANANDA LIBRARY |
| 082 ## - DDC NUMBER | |
| Classification number | 355.8 |
| Book Number | S98A |
| 100 ## - MAIN ENTRY--PERSONAL NAME | |
| Personal name | Saxena, Vimal |
| 245 ## - TITLE STATEMENT | |
| Title | Advance defense equipment |
| 260 ## - PUBLICATION, DISTRIBUTION, ETC. (IMPRINT) | |
| Name of publisher, distributor, etc | Saddle Publishers |
| Date of publication, distribution, etc | 2022 |
| Place of publication, distribution, etc | Delhi |
| 300 ## - PHYSICAL DESCRIPTION | |
| Pages | vi, 276 |
| 650 ## - Subject | |
| Subject | Military science |
| 650 ## - Subject | |
| Subject | Military Equipments |
| 650 ## - Subject | |
| Subject | Weapons |
| 942 ## - ADDED ENTRY ELEMENTS (KOHA) | |
| Koha item type | Books |
| Withdrawn status | Lost status | Source of classification or shelving scheme | Damaged status | Not for loan | Location (home branch) | Sublocation or collection (holding branch) | Shelving location | Date acquired | Koha issues (times borrowed) | Koha full call number | Accession No. | Koha date last seen | Koha item type |
|---|---|---|---|---|---|---|---|---|---|---|---|---|---|
| Dewey Decimal Classification | VIVEKANANDA LIBRARY | VIVEKANANDA LIBRARY | Vivekananda Library | 06/01/2026 | 355.8 S98A | 444077 | 06/01/2026 | Books |
